Catalog

Record Details

Catalog Search



I love you more  Cover Image Large Print Book Large Print Book

I love you more / Jennifer Murphy.

Summary:

"One man, three wives, the perfect murder. A scintillating novel of betrayal and conspiracy"-- Provided by publisher.

Record details

  • ISBN: 9781628993660 (library binding)
  • ISBN: 1628993669 (library binding)
  • Physical Description: 399 pages ; 22 cm
  • Edition: Center Point Large Print edition.
  • Publisher: Thorndike, Maine : Center Point Large Print, ©2014.
Subject: Teenage girls > Fiction.
Betrayal > Fiction.
Large type books.
Genre: Domestic fiction.
Bildungsromans.

Available copies

  • 1 of 1 copy available at scottsboropl.

Holds

  • 0 current holds with 1 total copy.
Show Only Available Copies
Location Call Number / Copy Notes Barcode Shelving Location Status Due Date
scottsboropl F Mur 32269000974330 Adult - Fiction Available -

LDR 01261nam a22003618i 4500
001138056
003CONS
00520141202144539.0
008140822s2014 meu d 000 1 eng
010 . ‡a 2014033222
020 . ‡a9781628993660 (library binding)
020 . ‡a1628993669 (library binding)
035 . ‡a(CPomAG)LMN586462
042 . ‡apcc
05010. ‡aPS3613.U737245 ‡bI15 2014b
08200. ‡a813/.6 ‡223
1001 . ‡aMurphy, Jennifer, ‡d1956 February 14-
24510. ‡aI love you more / ‡cJennifer Murphy.
250 . ‡aCenter Point Large Print edition.
264 1. ‡aThorndike, Maine : ‡bCenter Point Large Print, ‡c©2014.
300 . ‡a399 pages ; 22 cm
336 . ‡atext ‡btxt ‡2rdacontent
337 . ‡aunmediated ‡bn ‡2rdamedia
338 . ‡avolume ‡bnc ‡2rdacarrier
520 . ‡a"One man, three wives, the perfect murder. A scintillating novel of betrayal and conspiracy"-- ‡cProvided by publisher.
650 0. ‡aTeenage girls ‡vFiction.
650 0. ‡aBetrayal ‡vFiction.
650 0. ‡aLarge type books.
655 0. ‡aDomestic fiction.
655 7. ‡aBildungsromans. ‡2gsafd
914 . ‡aSCP_jd
959 . ‡i32269000974330 ‡lF Mur ‡aAdult - Fiction ‡tFiction ‡g36.00
852 . ‡p32269000974330 ‡jF Mur ‡gAdult - Fiction ‡cFiction ‡y36.00 ‡bSBPL
901 . ‡a138056 ‡bUnknown ‡c138056 ‡tbiblio

Additional Resources